LEADER 00997nam a2200241 4500 001 000000339472 003 CaOOAMICUS 005 20200427183414.0 008 200214s1987 it a 000 u ita r 020 $a88-215-1340-8 040 $aSeMil$bita 100 1 $aMarcucci, Domenico.$0(OLS)http://semarc/name/110991 245 10$aSantuari mariani d'Italia :$bstoria, fede, arte /$cDomenico Marcucci. 250 $a3. ed. 264 1$aCinisello Balsamo :$bEdizioni Paoline,$c1987. 300 $a127 p. :$bill. ;$c26 cm 650 4$aItalia - Santuari mariani.$0(OLS)http://semarc/subject/5393 850 $aSeMil 852 $aSeMil$W1$xVenegono$y1$m3P IV 473$j221255$B232842$CSeMilBibl$Z2$F232842 $81 996 $6020$a88-215-1340-8$9(OLS)http://semarc/number/289953 996 $6245$aSantuari mariani d'Italia :$bstoria, fede, arte$9(OLS)http://semarc/title/428273 996 $6264$aCinisello Balsamo :$bEdizioni Paoline$9(OLS)http://semarc/publisher/36103 LEADER 00941nam a2200229 4500 001 000000355724 003 CaOOAMICUS 005 20231016120530.0 008 231016s1820 it a 000 u ita r 026 $ea.m- ilsi i-to cude (C) 1820 (R) 040 $aSeMil$bita 245 00$a2. 264 1$aPadova :$bTipografia Bettoni,$c1820. 300 $a[162] c., [33] carte di tav. :$bill. ;$c32 cm 500 $aContiene le vite XXVIII (Filangieri caval. Gaetano)-LX (Vespucci Amerigo) 500 $aL'indice alfabetico delle Vite rilegato dopo il front. 773 0 $tVite e ritratti di illustri italiani.$dPadova : Tipografia Bettoni, 1812-1820.$g2$w()355722 850 $aSeMil 852 $aSeMil$W1$xVenegono$y1$m1S VI 36 FA$j243924$B246962$CSeMilBibl$Z2$F246962 $8I 996 $6245$a2$9(OLS)http://semarc/title/46889 996 $6264$aPadova :$bTipografia Bettoni$9(OLS)http://semarc/publisher/32014